Summerhill / A. S. Neill ; traducció de Jordi Monés i Pujol-Busquets ; pròlegs de Miquel Tresserras i Erich Fromm
Descripción Física:
LXVI, 341 p. ; 20 cm
Colección:
Textos pedagògics ; 6
MARC
| LEADER | 00000nam a2200000Ia 4500 | ||
|---|---|---|---|
| 001 | 2127 | ||
| 008 | 160829s1986 xx 000 0 cat d | ||
| 080 | |a E-1-125 | ||
| 100 | |a Neill, Alexander Sutherland |9 33127 | ||
| 245 | |a Summerhill / A. S. Neill ; traducció de Jordi Monés i Pujol-Busquets ; pròlegs de Miquel Tresserras i Erich Fromm | ||
| 260 | |a Vic : |b Eumo ; Barcelona : |b Diputació de Barcelona, |c 1986 | ||
| 300 | |a LXVI, 341 p. ; |c 20 cm | ||
| 490 | |a Textos pedagògics ; 6 | ||
| 650 | |a Ensenyament |x Mètodes experimentals |9 33128 | ||
| 650 | |a Autogestió pedagògica |9 33129 | ||
| 650 | |a Summerhill School |9 33130 | ||
| 700 | |a Monés i Pujol-Busquets, Jordi, tr. |9 33131 | ||
| 700 | |a Tresserras, Miquel, pr. |9 33132 | ||
| 700 | 1 | |a Fromm, Erich |9 33133 | |
| 710 | 1 | |a Barcelona (Catalunya : Província). |b Diputació |9 52408 | |
| 901 | |a Arxiu | ||
| 942 | |n 1 | ||
| 952 | |0 0 |1 0 |4 0 |6 E1125 |7 1 |9 46208 |a Arxiu |b Arxiu |d 2016-12-01 |l 0 |o E-1-125 |p 2127 |r 2016-12-01 00:00:00 |w 2016-12-01 |y ARXIU | ||
| 999 | |c 49710 |d 49710 | ||